Informácie a materiály pre riadenie a metodiku v JSK na Slovensku 165

Enregistré dans:
Détails bibliographiques
Format: Livre
Langue:slovaque
Publié: Martin Matica slovenská 1985
Collection:Metodika a propagácia
Tags: Ajouter un tag
Pas de tags, Soyez le premier à ajouter un tag!

MARC

LEADER 00000nam a2200000 4500
001 c105078
005 20260121100546.6
041 0 |a slo 
044 |a SK 
245 1 0 |a Informácie a materiály pre riadenie a metodiku v JSK na Slovensku 165 
264 1 |a Martin  |b Matica slovenská  |c 1985 
300 |a 91 s. 
490 1 |a Metodika a propagácia 
830 0 |a Metodika a propagácia